[Event "Aimchess US Rapid Prelim"]
[Site "chess24.com INT"]
[Date "2021.08.30"]
[Round "11.5"]
[White "Vidit, Santosh Gujrathi"]
[Black "Mamedyarov, Shakhriyar"]
[Result "1/2-1/2"]
[WhiteTitle "GM"]
[BlackTitle "GM"]
[WhiteElo "2726"]
[BlackElo "2782"]
[WhiteFideId "5029465"]
[BlackFideId "13401319"]
[EventDate "2021.08.28"]

1. d4 d5 2. c4 e6 3. Nf3 a6 4. c5 b6 5. cxb6 c5 6. Nc3 Nf6 7. e3 Nbd7 8. b3 cxd4
9. exd4 Qxb6 10. Bd3 Bd6 11. O-O O-O 12. Na4 Qb8 13. Bb2 Bb7 14. Rc1 Ne4 15. Qe2
h6 16. g3 Re8 17. Rfe1 Qa7 18. Rc2 Rac8 19. Rec1 Rxc2 20. Rxc2 Qa8 21. a3 Bc6
22. Nc3 Nxc3 23. Bxc3 Bxa3 24. b4 Qb8 25. Bxa6 Ba4 26. Ra2 Bxb4 27. Rb2 Bxc3 28.
Rxb8 Rxb8 29. Bd3 Rb2 30. Qe3 Nf6 31. Qc1 Rb3 32. Bc2 Bb2 33. Qd1 Ra3 34. Kg2
Bxc2 35. Qxc2 Bc3 36. Qb1 Ne4 37. h4 Ra1 38. Qb3 Ra8 39. h5 Kh7 40. Qb7 Ra2 41.
Qxf7 Rxf2+ 42. Kg1 Rxf3 43. Qxf3 Bxd4+ 44. Kg2 Bf6 45. Qg4 Ng5 46. Qa4 e5 47.
Qe8 e4 48. Qg6+ Kh8 49. Qe8+ Kh7 50. Qg6+ Kh8 51. Qe8+ Kh7 1/2-1/2

[Event "Aimchess US Rapid Prelim"]
[Site "chess24.com INT"]
[Date "2021.08.30"]
[Round "12.2"]
[White "Vachier-Lagrave, Maxime"]
[Black "Naroditsky, Daniel"]
[Result "1-0"]
[WhiteTitle "GM"]
[BlackTitle "GM"]
[WhiteElo "2751"]
[BlackElo "2623"]
[WhiteFideId "623539"]
[BlackFideId "2026961"]
[EventDate "2021.08.28"]

1. Nf3 Nf6 2. c4 g6 3. Nc3 Bg7 4. d4 O-O 5. e4 d6 6. Bg5 c5 7. d5 e6 8. Be2 exd5
9. exd5 h6 10. Be3 Bg4 11. Nd2 Bxe2 12. Qxe2 Re8 13. O-O Nbd7 14. Rae1 a6 15. a4
Qb6 16. b3 Qb4 17. Rc1 Re7 18. h3 Rae8 19. Qd3 Nh5 20. Nce4 Qb6 21. g4 Nhf6 22.
Ng3 Ne5 23. Qc2 Qd8 24. Bf4 Qd7 25. Kg2 b5 26. axb5 axb5 27. Ra1 bxc4 28. bxc4
h5 29. g5 Nh7 30. Ra6 h4 31. Nge4 Qf5 32. Nf6+ Nxf6 33. Qxf5 gxf5 34. gxf6 Bxf6
35. Rxd6 Bg7 36. Bxe5 Rxe5 37. Rc6 Bf8 38. Rd1 Re2 39. d6 Rd8 40. Nf3 Re6 41.
Nxh4 Rf6 42. Rxc5 Rfxd6 43. Rxd6 Rxd6 44. Rxf5 Rd2 45. Nf3 Rc2 46. Ne5 Bg7 47.
Nxf7 Rxc4 48. Ng5 Bh6 49. Nf3 Rc2 50. Ne5 Bg7 51. Ng4 Kh7 52. h4 Bd4 53. h5 Rc7
54. Kg3 Bg7 55. Kh4 Rc6 56. f4 Rc7 57. Rd5 Rf7 58. f5 Bh8 59. h6 Bb2 60. Kg5
Bc1+ 61. Kh5 Bb2 62. f6 Bc3 63. Rf5 Bb2 64. Rf1 Bc3 65. Rf2 Bd4 66. Re2 Bc5 67.
Re6 Bf8 68. Kg5 Rb7 69. f7 Rxf7 70. Nf6+ Rxf6 71. Kxf6 Bxh6 72. Kf7 Bf4 73. Re4
Bg5 74. Re1 1-0

[Event "Aimchess US Rapid Prelim"]
[Site "chess24.com INT"]
[Date "2021.08.30"]
[Round "12.4"]
[White "Mamedyarov, Shakhriyar"]
[Black "Le, Quang Liem"]
[Result "0-1"]
[WhiteTitle "GM"]
[BlackTitle "GM"]
[WhiteElo "2782"]
[BlackElo "2709"]
[WhiteFideId "13401319"]
[BlackFideId "12401137"]
[EventDate "2021.08.28"]

1. d4 Nf6 2. c4 e6 3. Nc3 Bb4 4. Qc2 d5 5. cxd5 exd5 6. Nf3 O-O 7. Bg5 h6 8. Bh4
g5 9. Bg3 Ne4 10. Nd2 Bf5 11. Ndxe4 Bxe4 12. Qd2 c5 13. a3 Ba5 14. e3 cxd4 15.
exd4 Re8 16. O-O-O Nc6 17. f3 Bg6 18. Re1 Bxc3 19. bxc3 Na5 20. Qb2 Rxe1+ 21.
Bxe1 Rc8 22. Qb4 Rc6 23. Bb5 Re6 24. c4 Nxc4 25. Bc3 a5 26. Qb3 Qc7 27. Bxc4
dxc4 28. Qb5 Rb6 29. Qe8+ Kh7 30. Re1 Qf4+ 31. Qe3 Qf5 0-1

[Event "Aimchess US Rapid Prelim"]
[Site "chess24.com INT"]
[Date "2021.08.30"]
[Round "12.5"]
[White "Artemiev, Vladislav"]
[Black "Vidit, Santosh Gujrathi"]
[Result "1/2-1/2"]
[WhiteTitle "GM"]
[BlackTitle "GM"]
[WhiteElo "2704"]
[BlackElo "2726"]
[WhiteFideId "24101605"]
[BlackFideId "5029465"]
[EventDate "2021.08.28"]

1. Nf3 Nf6 2. c4 c5 3. b3 Nc6 4. Bb2 d5 5. cxd5 Nxd5 6. Nc3 e5 7. e3 Nxc3 8.
Bxc3 Bd6 9. Qc2 Qe7 10. Bd3 h6 11. h4 Bd7 12. h5 Nd4 13. exd4 exd4+ 14. Kf1 dxc3
15. Re1 Be6 16. Qxc3 O-O 17. Rh4 Qd7 18. Bc4 Rae8 19. Rhe4 Bxc4+ 20. Qxc4 Rxe4
21. Qxe4 Rd8 22. g4 b5 23. Kg2 Rc8 24. d3 Be7 25. Ne5 Qe6 26. Ng6 Qxe4+ 27. Rxe4
fxg6 28. Rxe7 gxh5 29. gxh5 c4 30. dxc4 bxc4 31. bxc4 Rxc4 32. Rxa7 Rc5 33. a4
Rxh5 34. Rb7 Ra5 35. Rb4 Kf7 36. Kg3 g5 37. Kg4 Kg6 38. Rb6+ Kg7 39. Rb7+ Kg6
40. Rb6+ Kg7 41. Rb7+ Kg6 42. Rb6+ 1/2-1/2

[Event "Aimchess US Rapid Prelim"]
[Site "chess24.com INT"]
[Date "2021.08.30"]
[Round "12.6"]
[White "Giri, Anish"]
[Black "So, Wesley"]
[Result "1/2-1/2"]
[WhiteTitle "GM"]
[BlackTitle "GM"]
[WhiteElo "2776"]
[BlackElo "2772"]
[WhiteFideId "24116068"]
[BlackFideId "5202213"]
[EventDate "2021.08.28"]

1. d4 Nf6 2. c4 e6 3. Nf3 d5 4. Nc3 Be7 5. g3 O-O 6. Bg2 dxc4 7. Ne5 Nc6 8. Bxc6
bxc6 9. Nxc6 Qe8 10. Nxe7+ Qxe7 11. Qa4 c5 12. dxc5 Qxc5 13. Be3 Qc7 14. Rd1 e5
15. f3 Be6 16. O-O Qb7 17. Qb5 Qxb5 18. Nxb5 Rab8 19. Nc3 Rxb2 20. Bxa7 Ra8 21.
Be3 h5 22. Rd2 Rxd2 23. Bxd2 Nd5 24. Ra1 Nxc3 25. Bxc3 Ra3 26. Bb2 Ra5 27. Bc3
Ra3 28. Bb4 Ra4 29. a3 f6 30. Kf2 g5 31. Rd1 Kf7 32. Rd6 Ra8 33. Rc6 Rc8 34.
Rxc8 Bxc8 35. Ke3 g4 36. f4 Ke6 37. a4 c3 38. Bxc3 Bd7 39. a5 Bb5 40. fxe5 fxe5
41. Ke4 Bxe2 42. Bxe5 Kd7 43. Kf4 Kc6 44. Kg5 Kb7 45. Kxh5 Ka8 46. Bd4 Kb7 47.
Bb6 Ka8 48. Kh4 Bd1 49. a6 Be2 50. a7 Bd1 51. Bf2 Be2 52. h3 gxh3 53. Kxh3 Bd1
54. Kh4 Be2 55. g4 Bd3 56. g5 Bc2 57. Kh5 Bd1+ 58. Kh6 Bb3 59. g6 Bc2 60. Kg5
Bxg6 61. Kxg6 Kb7 62. Kf5 Ka8 63. Ke6 Kb7 64. Kd5 Ka8 65. Kc6 1/2-1/2

[Event "Aimchess US Rapid Prelim"]
[Site "chess24.com INT"]
[Date "2021.08.30"]
[Round "12.7"]
[White "Liang, Awonder"]
[Black "Carlsen, Magnus"]
[Result "0-1"]
[WhiteTitle "GM"]
[BlackTitle "GM"]
[WhiteElo "2587"]
[BlackElo "2847"]
[WhiteFideId "2056437"]
[BlackFideId "1503014"]
[EventDate "2021.08.28"]

1. e4 c5 2. Nf3 e6 3. d4 cxd4 4. Nxd4 Nc6 5. Nc3 a6 6. Nxc6 bxc6 7. Bd3 d5 8.
O-O Nf6 9. e5 Nd7 10. Re1 c5 11. Na4 c4 12. Bf1 Bb7 13. b3 Bc6 14. Nc3 Bb4 15.
Bd2 O-O 16. bxc4 dxc4 17. Ne4 Bxd2 18. Nxd2 c3 19. Nc4 Bb5 20. Qd4 Bxc4 21. Qxc4
Qa5 22. Qd4 Rfd8 23. Re3 Rac8 24. a3 Rc5 25. Qb4 Nxe5 26. Qxa5 Rxa5 27. Rxc3 g5
28. g3 Rd2 29. h3 Kg7 30. Rb1 h5 31. Rb6 g4 32. hxg4 hxg4 33. Kg2 Nf3 34. Rc4
Nd4 35. Bd3 e5 36. Rb7 Rb5 37. Ra7 Rb6 38. Rxd4 exd4 39. Rd7 Rf6 0-1

[Event "Aimchess US Rapid Prelim"]
[Site "chess24.com INT"]
[Date "2021.08.30"]
[Round "12.8"]
[White "Aronian, Levon"]
[Black "Van Foreest, Jorden"]
[Result "1-0"]
[WhiteTitle "GM"]
[BlackTitle "GM"]
[WhiteElo "2782"]
[BlackElo "2698"]
[WhiteFideId "13300474"]
[BlackFideId "1039784"]
[EventDate "2021.08.28"]

1. e4 c5 2. Nf3 d6 3. d4 cxd4 4. Nxd4 Nf6 5. Nc3 a6 6. Be3 e5 7. Nb3 Be7 8. f3
Be6 9. Qd2 h5 10. O-O-O Nbd7 11. Kb1 b5 12. Nd5 Nxd5 13. exd5 Bf5 14. Na5 Qc7
15. Nc6 Bf6 16. Bd3 Bxd3 17. cxd3 Nb6 18. Bxb6 Qxb6 19. Rc1 a5 20. Rhe1 O-O 21.
g4 hxg4 22. fxg4 Bh4 23. Re4 Rae8 24. g5 Qf2 25. Qxf2 Bxf2 26. Nxa5 f5 27. gxf6
Rxf6 28. Nc6 Rh6 29. d4 Rxh2 30. dxe5 Bc5 31. b4 Bb6 32. e6 Rd2 33. e7 Bf2 34.
Rc2 Rd1+ 35. Kb2 Bg3 36. Rc3 Bh2 37. Rh3 Rd2+ 38. Kb3 Kf7 39. Rf3+ Kg8 40. Rh4
Be5 41. Rf8+ 1-0

[Event "Aimchess US Rapid Prelim"]
[Site "chess24.com INT"]
[Date "2021.08.30"]
[Round "13.1"]
[White "Van Foreest, Jorden"]
[Black "Duda, Jan-Krzysztof"]
[Result "0-1"]
[WhiteTitle "GM"]
[BlackTitle "GM"]
[WhiteElo "2698"]
[BlackElo "2738"]
[WhiteFideId "1039784"]
[BlackFideId "1170546"]
[EventDate "2021.08.28"]

1. d4 Nf6 2. c4 e6 3. Nf3 d5 4. Bg5 Be7 5. e3 h6 6. Bxf6 Bxf6 7. Nc3 O-O 8. h4
c5 9. g4 cxd4 10. exd4 g6 11. g5 hxg5 12. hxg5 Bg7 13. Qd2 Nc6 14. O-O-O Re8 15.
Rh4 a6 16. Kb1 dxc4 17. Bxc4 e5 18. Qc2 Bf5 19. Ne4 exd4 20. Ka1 d3 21. Rxd3 Nb4
22. Bxf7+ Kxf7 23. Qc4+ Re6 24. Rxd8 Rxd8 25. Rh1 Bxe4 26. Qxb4 Rd3 27. Re1 Bxf3
28. Qf4+ Kg8 29. Qc4 Bd5 30. Qc8+ Kh7 31. Rb1 Re2 32. Qc1 Ra3 0-1

[Event "Aimchess US Rapid Prelim"]
[Site "chess24.com INT"]
[Date "2021.08.30"]
[Round "13.2"]
[White "Carlsen, Magnus"]
[Black "Aronian, Levon"]
[Result "1/2-1/2"]
[WhiteTitle "GM"]
[BlackTitle "GM"]
[WhiteElo "2847"]
[BlackElo "2782"]
[WhiteFideId "1503014"]
[BlackFideId "13300474"]
[EventDate "2021.08.28"]

1. d4 Nf6 2. c4 e6 3. Nf3 d5 4. Nc3 Bb4 5. Bg5 dxc4 6. a3 Bxc3+ 7. bxc3 c5 8. e3
cxd4 9. Bxf6 Qxf6 10. cxd4 O-O 11. Bxc4 b6 12. O-O Bb7 13. Qe2 Nd7 14. a4 Rfd8
15. Ba6 Bxa6 16. Qxa6 e5 17. a5 exd4 18. Nxd4 Nc5 19. Qb5 Rac8 20. axb6 axb6 21.
Rab1 Rd6 22. Rfc1 Rcd8 23. h3 h5 24. Qe2 g6 25. Qf3 Kg7 26. Qxf6+ Rxf6 27. Rb5
Ra8 28. Rcb1 Ne4 29. R5b2 Ra3 30. g3 Ra5 31. Kg2 Rc5 32. g4 hxg4 33. hxg4 Nc3
34. Ra1 Ra5 35. Rc1 Rc5 36. f4 Nd5 37. Re1 Nxf4+ 38. exf4 Rxf4 39. Rb4 Rxg4+ 40.
Kf3 Rgg5 41. Rxb6 Rge5 42. Rxe5 Rxe5 43. Rb7 Kf6 44. Nc6 Re6 45. Nd8 Re7 46.
Rxe7 Kxe7 47. Nb7 Kf8 48. Kf4 Kg7 49. Ke5 Kh6 50. Kf6 g5 51. Nd6 g4 52. Nf5+ Kh5
53. Ng3+ Kh4 54. Ne4 g3 55. Nxg3 Kxg3 56. Kxf7 1/2-1/2

[Event "Aimchess US Rapid Prelim"]
[Site "chess24.com INT"]
[Date "2021.08.30"]
[Round "13.3"]
[White "So, Wesley"]
[Black "Liang, Awonder"]
[Result "1-0"]
[WhiteTitle "GM"]
[BlackTitle "GM"]
[WhiteElo "2772"]
[BlackElo "2587"]
[WhiteFideId "5202213"]
[BlackFideId "2056437"]
[EventDate "2021.08.28"]

1. c4 c6 2. Nf3 d5 3. d4 Nf6 4. e3 Bf5 5. Nc3 e6 6. Nh4 Be4 7. f3 Bg6 8. Qb3 Qc7
9. cxd5 Nxd5 10. e4 Nxc3 11. bxc3 Be7 12. Nxg6 hxg6 13. g3 Nd7 14. Kf2 e5 15.
Be3 c5 16. dxe5 Nxe5 17. Qb5+ Nc6 18. Rb1 O-O-O 19. Bc4 Bd6 20. Kg2 Rh5 21. Bd5
a6 22. Qa4 f5 23. f4 Na5 24. e5 Be7 25. Bf3 Rhh8 26. Rxb7 Nxb7 27. Qxa6 Rd7 28.
e6 Rd6 29. Qa8+ Qb8 30. Bxb7+ Kc7 31. Qa5+ Rb6 32. Bd5 Kc8 33. Kf3 Rd8 34. c4
Rxd5 35. cxd5 Qb7 36. Rd1 Rxe6 37. Bxc5 Ra6 38. Qc3 Bxc5 39. Qxc5+ Kd7 40. Qc3
Kd8 41. Qc4 Qa7 42. Rc1 Ra3+ 43. Kg2 Qb7 44. Kh3 g5 45. fxg5 g6 46. Qh4 Qg7 47.
Qh6 Qg8 48. Rc6 f4 49. Rxg6 Qe8 50. Re6 Qd7 51. Qf8+ Kc7 52. Qxa3 1-0

[Event "Aimchess US Rapid Prelim"]
[Site "chess24.com INT"]
[Date "2021.08.30"]
[Round "13.4"]
[White "Vidit, Santosh Gujrathi"]
[Black "Giri, Anish"]
[Result "1/2-1/2"]
[WhiteTitle "GM"]
[BlackTitle "GM"]
[WhiteElo "2726"]
[BlackElo "2776"]
[WhiteFideId "5029465"]
[BlackFideId "24116068"]
[EventDate "2021.08.28"]

1. Nf3 c5 2. c4 Nf6 3. Nc3 Nc6 4. e3 e6 5. d4 d5 6. cxd5 exd5 7. Bb5 cxd4 8.
exd4 Bd6 9. O-O O-O 10. h3 h6 11. Re1 Bf5 12. Ne5 Rc8 13. Bf4 Re8 14. Rc1 Re6
15. Qd2 Qe7 16. Nxc6 bxc6 17. Bxd6 Qxd6 18. Rxe6 Qxe6 19. Bf1 Re8 20. Qf4 Qd7
21. Na4 Re4 22. Qb8+ Re8 23. Qb4 Ne4 24. Nc5 Qd6 25. Re1 Rb8 26. Qa3 Nxc5 27.
dxc5 Qd7 28. Rd1 d4 29. b4 Rd8 30. Bd3 Bxd3 31. Qxd3 Qd5 32. a3 a5 33. Kf1 axb4
34. axb4 g6 35. Kg1 Kg7 36. Rd2 h5 37. h4 Qe5 38. Rd1 Qd5 39. Rd2 Qe5 40. Rd1
Qd5 41. Rd2 1/2-1/2

[Event "Aimchess US Rapid Prelim"]
[Site "chess24.com INT"]
[Date "2021.08.30"]
[Round "13.5"]
[White "Le, Quang Liem"]
[Black "Artemiev, Vladislav"]
[Result "1/2-1/2"]
[WhiteTitle "GM"]
[BlackTitle "GM"]
[WhiteElo "2709"]
[BlackElo "2704"]
[WhiteFideId "12401137"]
[BlackFideId "24101605"]
[EventDate "2021.08.28"]

1. e4 d5 2. exd5 Qxd5 3. Nc3 Qd6 4. d4 Nf6 5. Nf3 c6 6. h3 g6 7. Bc4 Be6 8. Bb3
Bg7 9. O-O Bxb3 10. axb3 Nbd7 11. Re1 e6 12. Bg5 O-O 13. Qd2 c5 14. Bf4 Qc6 15.
Rad1 Rfd8 16. d5 exd5 17. Nxd5 Qxd5 18. Qxd5 Nxd5 19. Rxd5 Nf8 20. Rxd8 Rxd8 21.
c3 Ne6 22. Be3 b6 23. Kf1 f5 24. Ng5 Nxg5 25. Bxg5 Rd7 26. Re8+ Kf7 27. Ra8 Bf6
28. Be3 Ke6 29. Ke2 Kd5 30. g4 fxg4 31. hxg4 Bd8 32. Rc8 h5 33. Kf3 hxg4+ 34.
Kxg4 Ke4 35. b4 cxb4 36. cxb4 Bf6 37. b3 Kd3 38. Rc1 Re7 39. Rc6 Bc3 40. Rxg6
Kc2 41. b5 Kxb3 42. Bf4 Ka4 43. Rg5 Bd4 44. Bg3 Bc5 45. f4 Kxb5 46. f5 Rf7 47.
Be5 a5 48. f6 a4 49. Kf5 Rf8 50. Ke6 Re8+ 51. Kd7 Ra8 52. f7 Kc4 53. Rg8 Bf8 54.
Bg7 Ra7+ 55. Ke6 Bxg7 56. Rxg7 Rxf7 57. Rxf7 a3 58. Ra7 Kb3 59. Kd5 a2 60. Kc6
Kb2 61. Kxb6 a1=Q 62. Rxa1 Kxa1 1/2-1/2

[Event "Aimchess US Rapid Prelim"]
[Site "chess24.com INT"]
[Date "2021.08.30"]
[Round "13.7"]
[White "Naroditsky, Daniel"]
[Black "Dominguez Perez, Leinier"]
[Result "0-1"]
[WhiteTitle "GM"]
[BlackTitle "GM"]
[WhiteElo "2623"]
[BlackElo "2758"]
[WhiteFideId "2026961"]
[BlackFideId "3503240"]
[EventDate "2021.08.28"]

1. e4 c5 2. Nf3 d6 3. d4 cxd4 4. Nxd4 Nf6 5. Nc3 a6 6. Nb3 g6 7. Be3 Bg7 8. Qd2
h5 9. O-O-O Nbd7 10. f4 Qc7 11. Be2 b5 12. Bf3 Bb7 13. Kb1 O-O 14. h3 Nb6 15.
Qf2 Na4 16. Bd4 e5 17. fxe5 dxe5 18. Nxa4 bxa4 19. Bb6 Qc8 20. Nc5 Bc6 21. Ba5
Rb8 22. Bc3 Nd7 23. Nxd7 Bxd7 24. Qe3 Be6 25. Be2 Bh6 26. Qf3 Qc5 27. Ka1 a3 28.
b3 Rbc8 29. Rd3 Rfd8 30. Rhd1 Rxd3 31. Rxd3 Bc1 32. Bd1 Bc4 33. Rd7 Be6 34. Rd3
Bc4 35. Rd7 Qc6 36. Ra7 Be6 37. Kb1 Bf4 38. Be1 Rd8 39. Be2 Qc5 40. Bf2 Qb4 41.
g3 Bg4 42. hxg4 hxg4 43. c3 gxf3 44. cxb4 fxe2 45. gxf4 Rd1+ 46. Kc2 exf4 47.
Rxa6 Rf1 48. Bh4 g5 49. Kd2 gxh4 50. Kxe2 Ra1 51. b5 h3 52. b6 h2 53. b7 h1=Q
54. b8=Q+ Kh7 55. Qxf4 Qd1+ 56. Ke3 Qc1+ 57. Kf3 Qf1+ 58. Kg4 Qe2+ 59. Kf5 Rf1
60. Rh6+ Kg7 61. Rh4 Rxf4+ 0-1

[Event "Aimchess US Rapid Prelim"]
[Site "chess24.com INT"]
[Date "2021.08.30"]
[Round "14.1"]
[White "Duda, Jan-Krzysztof"]
[Black "Vachier-Lagrave, Maxime"]
[Result "1-0"]
[WhiteTitle "GM"]
[BlackTitle "GM"]
[WhiteElo "2738"]
[BlackElo "2751"]
[WhiteFideId "1170546"]
[BlackFideId "623539"]
[EventDate "2021.08.28"]

1. d4 Nf6 2. c4 g6 3. g3 c6 4. Bg2 d5 5. Nf3 Bg7 6. b3 O-O 7. Bb2 a5 8. O-O b5
9. cxb5 cxb5 10. Nc3 Ba6 11. Ne5 e6 12. Qd2 Nfd7 13. f4 f6 14. Nd3 f5 15. Nxd5
Nc6 16. Ne3 Nxd4 17. Bxa8 Qxa8 18. Nf2 Rd8 19. Bxd4 Nc5 20. Nc2 Ne4 21. Qe3 1-0

[Event "Aimchess US Rapid Prelim"]
[Site "chess24.com INT"]
[Date "2021.08.30"]
[Round "14.3"]
[White "Mamedyarov, Shakhriyar"]
[Black "Naroditsky, Daniel"]
[Result "1-0"]
[WhiteTitle "GM"]
[BlackTitle "GM"]
[WhiteElo "2782"]
[BlackElo "2623"]
[WhiteFideId "13401319"]
[BlackFideId "2026961"]
[EventDate "2021.08.28"]

1. d4 Nf6 2. Nf3 g6 3. g3 Bg7 4. Bg2 O-O 5. O-O d6 6. Re1 Nbd7 7. e4 e5 8. Nc3
c6 9. a4 a5 10. h3 Re8 11. dxe5 dxe5 12. Be3 Qc7 13. Qe2 Nb6 14. Rad1 Nfd7 15.
b3 Bf8 16. Nd2 Bc5 17. Na2 Bxe3 18. Qxe3 Qd6 19. Nc1 Qc5 20. Nd3 Qxe3 21. Rxe3
Nf8 22. f4 f6 23. fxe5 fxe5 24. Nf3 Nbd7 25. h4 b5 26. Ra1 Bb7 27. Bh3 bxa4 28.
Rxa4 c5 29. Ra1 Bc6 30. Nb2 Nb6 31. Rc3 Bxe4 32. Nd2 Bf5 33. Bxf5 gxf5 34. Rxc5
Rec8 35. Rxc8 Rxc8 36. Ndc4 Nxc4 37. Nxc4 Ne6 38. Rxa5 Nd4 39. Ra2 f4 40. Kf2
fxg3+ 41. Kxg3 e4 42. Kf4 Re8 43. Nd6 Rd8 44. Nxe4 Rc8 45. Ra7 h6 46. Nf6+ Kf8
47. c4 Nxb3 48. Kf5 Rxc4 49. Kg6 1-0

[Event "Aimchess US Rapid Prelim"]
[Site "chess24.com INT"]
[Date "2021.08.30"]
[Round "14.5"]
[White "Giri, Anish"]
[Black "Le, Quang Liem"]
[Result "1/2-1/2"]
[WhiteTitle "GM"]
[BlackTitle "GM"]
[WhiteElo "2776"]
[BlackElo "2709"]
[WhiteFideId "24116068"]
[BlackFideId "12401137"]
[EventDate "2021.08.28"]

1. d4 Nf6 2. c4 e6 3. Nf3 d5 4. Nc3 a6 5. c5 b6 6. cxb6 c5 7. Bf4 Bd6 8. Bxd6
Qxd6 9. dxc5 Qxc5 10. Qd4 Qd6 11. e3 O-O 12. Be2 Nbd7 13. O-O e5 14. Qd2 Nxb6
15. b3 Bb7 16. Rfd1 Rfe8 17. Rac1 h6 18. h3 Rad8 19. Qb2 Qe7 20. Na4 Nxa4 21.
bxa4 Rd7 22. a5 Qd6 23. Rc2 d4 24. exd4 Bxf3 25. Bxf3 Rb8 26. Qc1 exd4 27. Rc6
Qb4 28. Rxa6 d3 29. Qd2 Qd4 30. Ra8 Rxa8 31. Bxa8 Ne4 32. Bxe4 Qxe4 33. Qe3 Qxe3
34. fxe3 Kf8 35. a3 d2 36. Kf2 Rd5 37. a6 Ke7 38. Ke2 Ra5 39. Ra1 Rxa6 40. Kxd2
Rg6 41. g4 h5 42. Rg1 Ra6 43. gxh5 Rxa3 44. Rxg7 Ra5 45. h4 Rxh5 46. Rg4 Ke6 47.
Ke2 f6 48. Kf3 Rh8 49. Kg3 Kf7 50. Rf4 Re8 51. e4 Kg6 52. Kg4 Re5 53. h5+ Rxh5
54. Rxf6+ Kxf6 55. Kxh5 Ke5 56. Kg4 Kxe4 1/2-1/2

[Event "Aimchess US Rapid Prelim"]
[Site "chess24.com INT"]
[Date "2021.08.30"]
[Round "14.6"]
[White "Liang, Awonder"]
[Black "Vidit, Santosh Gujrathi"]
[Result "1/2-1/2"]
[WhiteTitle "GM"]
[BlackTitle "GM"]
[WhiteElo "2587"]
[BlackElo "2726"]
[WhiteFideId "2056437"]
[BlackFideId "5029465"]
[EventDate "2021.08.28"]

1. Nf3 Nf6 2. c4 c5 3. Nc3 Nc6 4. g3 g6 5. Bg2 d6 6. b3 Bg7 7. Bb2 e5 8. O-O O-O
9. Ne1 Be6 10. Nd5 Rb8 11. Nc2 Ne7 12. e4 b5 13. d3 bxc4 14. dxc4 Nc6 15. f4 Nd4
16. Kh1 Nd7 17. Nce3 exf4 18. gxf4 Qh4 19. Qe1 Qxe1 20. Raxe1 Rfe8 21. Nc7 Rec8
22. Nxe6 Nxe6 23. Bxg7 Kxg7 24. Bh3 Rd8 25. Nd5 Nb6 26. f5 Nd4 27. f6+ Kf8 28.
Ne7 Nd7 29. Bxd7 Rxd7 30. e5 a5 31. Nd5 Ne6 32. Rf3 h5 33. exd6 Rxd6 34. Kg2 Ra8
35. Rfe3 a4 36. Kg3 axb3 37. axb3 Kg8 38. Re5 Kh7 39. R1e3 Rb8 40. Kf2 Rb7 41.
Ke1 Ra7 42. Kf2 Kh6 43. h4 Nc7 44. Re7 Nxd5 45. Rxa7 Nxe3 46. Kxe3 Rxf6 47. Ra5
Rf5 48. b4 cxb4 49. Rxf5 gxf5 50. c5 b3 51. Kd2 f4 52. c6 f3 53. c7 f2 54. Ke2
b2 55. c8=Q f1=Q+ 56. Kxf1 b1=Q+ 57. Kg2 Qe4+ 58. Kg3 Qe5+ 59. Kg2 Qe4+ 60. Kg3
Kg7 61. Qc3+ Kg6 62. Qc8 Qe5+ 63. Kg2 Qd5+ 64. Kg3 Qe5+ 65. Kg2 Kg7 66. Qc4 Qe3
67. Qb4 Kg6 68. Qc4 Qe6 69. Qc2+ Qf5 70. Qc6+ Kh7 71. Qc7 Qg4+ 72. Kf1 Qf3+ 73.
Kg1 Kg6 74. Qd8 Qg4+ 75. Kh2 Kg7 76. Qe7 Qf4+ 77. Kg2 Qf6 78. Qb4 Qf5 79. Kg3
Qd3+ 80. Kg2 Kg6 81. Qf8 Qe4+ 82. Kg1 Qg4+ 83. Kf1 Qf3+ 84. Kg1 Qe3+ 85. Kf1
Qd3+ 86. Kg1 Qd4+ 87. Kg2 Qg7 88. Qc5 Kh6+ 89. Kh2 Qf6 90. Qc1+ Kg7 91. Qg1+ Kh7
92. Qb1+ Qg6 93. Qb4 Qg4 94. Qe7 Kg6 95. Qd8 Qf4+ 96. Kg2 Qe4+ 97. Kh2 Qe5+ 98.
Kg2 f6 99. Qg8+ Kf5 100. Qc8+ Kf4 101. Qc1+ Kg4 102. Qc4+ Qf4 103. Qc8+ Kxh4
104. Qh3+ Kg5 105. Qc3 h4 106. Qd3 h3+ 107. Qxh3 Qg4+ 108. Qg3 Kf5 109. Kh1 Qe4+
110. Kg1 Qd4+ 111. Kg2 Qd2+ 112. Kg1 Ke4 113. Qg4+ Ke5 114. Qg3+ Ke4 115. Qg4+
Qf4 116. Qg2+ Qf3 117. Qc2+ Kf4 118. Qc7+ Kg4 119. Qg7+ Kf5 120. Qd7+ Kf4 121.
Qc7+ Kg4 122. Qg7+ Kh3 123. Qh6+ Kg3 124. Qg6+ Qg4 125. Qd3+ Kf4+ 126. Kf2 Qh4+
127. Kf1 Qh1+ 128. Kf2 Qe4 129. Qd6+ Kg5 130. Qc5+ Kh4 131. Qc7 Qf5+ 132. Ke2
Kh3 133. Qc3+ Kg2 134. Qc6+ Kg3 135. Qc3+ Kg4 136. Qc4+ Qf4 137. Qg8+ Kh3 138.
Qh7+ Kg3 139. Qd3+ Kg4 140. Qg6+ Qg5 141. Qe4+ Qf4 142. Qg6+ Kh3 143. Qh7+ Kg2
144. Qg6+ Qg5 145. Qe4+ Kh2 146. Qh7+ Kg3 147. Qd3+ Kh4 148. Qh7+ Kg4 149. Qe4+
Kg3 150. Qd3+ Kf4 151. Qf3+ Ke5 152. Qe3+ Kf5 153. Qd3+ Ke6 154. Qe4+ Kd6 155.
Qd4+ Ke7 156. Qe3+ Kf7 157. Qxg5 fxg5 158. Kf3 g4+ 159. Kxg4 1/2-1/2

[Event "Aimchess US Rapid Prelim"]
[Site "chess24.com INT"]
[Date "2021.08.30"]
[Round "14.8"]
[White "Van Foreest, Jorden"]
[Black "Carlsen, Magnus"]
[Result "1/2-1/2"]
[WhiteTitle "GM"]
[BlackTitle "GM"]
[WhiteElo "2698"]
[BlackElo "2847"]
[WhiteFideId "1039784"]
[BlackFideId "1503014"]
[EventDate "2021.08.28"]

1. d4 d6 2. e4 g6 3. Nc3 c6 4. Nf3 Nf6 5. h3 Bg7 6. Bd3 O-O 7. O-O Nbd7 8. Ne2
e5 9. c3 d5 10. Ng3 dxe4 11. Nxe4 Nxe4 12. Bxe4 exd4 13. Nxd4 Re8 14. Re1 Nb6
15. Bf4 Bxd4 16. cxd4 Be6 17. Qd2 Bd5 18. Bc2 f6 19. b3 Qd7 20. a4 Be6 21. Bg3
Bf5 22. Rxe8+ Rxe8 23. Bd1 Nd5 24. Be2 Kg7 25. Bc4 g5 26. b4 a6 27. Bf1 b5 28.
axb5 axb5 29. Rc1 h5 30. h4 gxh4 31. Bxh4 Re4 32. Bg3 Ne7 33. Re1 Rxe1 34. Qxe1
Nd5 35. f3 Kf7 36. Kh2 Bg6 37. Kh1 Qe6 38. Kg1 Qe3+ 39. Qxe3 Nxe3 40. Bf2 Nd5
41. Be1 Ke6 42. Kf2 Nc7 43. Ke3 Kd5 44. g4 Ne6 45. Bc3 f5 46. gxh5 f4+ 47. Kf2
Bxh5 48. Bd3 Nxd4 49. Be4+ Kc4 50. Bxd4 Kxd4 51. Bxc6 Kc4 52. Kg2 Kxb4 53. Kh3
Kc5 54. Bxb5 Kxb5 55. Kh4 Bxf3 56. Kg5 Bg4 57. Kxf4 1/2-1/2

[Event "Aimchess US Rapid Prelim"]
[Site "chess24.com INT"]
[Date "2021.08.30"]
[Round "15.2"]
[White "So, Wesley"]
[Black "Van Foreest, Jorden"]
[Result "1-0"]
[WhiteTitle "GM"]
[BlackTitle "GM"]
[WhiteElo "2772"]
[BlackElo "2698"]
[WhiteFideId "5202213"]
[BlackFideId "1039784"]
[EventDate "2021.08.28"]

1. d4 Nf6 2. c4 e6 3. Nc3 Bb4 4. Qc2 O-O 5. e4 d5 6. e5 Ne4 7. Bd3 c5 8. Nf3
cxd4 9. Nxd4 Nd7 10. Bf4 Qh4 11. g3 Qh5 12. O-O g5 13. cxd5 Bxc3 14. bxc3 gxf4
15. dxe6 Nxe5 16. Bxe4 Bxe6 17. Rfe1 Kh8 18. Bxb7 Rab8 19. Bg2 fxg3 20. fxg3 Bc4
21. Qa4 f6 22. Rxe5 fxe5 23. Qxc4 Qg6 24. Nb3 Qc2 25. Be4 Qf2+ 26. Kh1 Rb6 27.
Qc7 Rh6 28. Qxe5+ Rff6 29. Bg2 Kg8 30. h3 Rhg6 31. Rg1 Kg7 32. Nc5 Qf5 33. Qd4
Qf2 34. Ne6+ Kh8 35. Nf4 1-0